KOHA-Header-6

Signal and Systems (Record no. 101)

000 -LEADER
fixed length control field 00289nam a2200121Ia 4500
008 - FIXED-LENGTH DATA ELEMENTS--GENERAL INFORMATION
fixed length control field 190722s9999 xx 000 0 und d
020 ## - INTERNATIONAL STANDARD BOOK NUMBER
International Standard Book Number 978-81-265-1265-2
100 ## - MAIN ENTRY--PERSONAL NAME
Personal name Simon Haylcin
245 #0 - TITLE STATEMENT
Title Signal and Systems
260 ## - PUBLICATION, DISTRIBUTION, ETC. (IMPRINT)
Place of publication, distribution, etc New Delhi
Name of publisher, distributor, etc S.K.Kataria
Date of publication, distribution, etc 2004
300 ## - PHYSICAL DESCRIPTION
Extent 802
942 ## - ADDED ENTRY ELEMENTS (KOHA)
Koha item type Books
Holdings
Withdrawn status Lost status Source of classification or shelving scheme Damaged status Not for loan Collection code Permanent Location Current Location Shelving location Date acquired Total Checkouts Full call number Barcode Date last seen Date checked out Price effective from Koha item type
          Electrical Engineering MAJU MAJU Shelf No.A25 2019-07-22 1 621.382 6727 2022-03-10 2022-03-03 2019-07-22 Electrical Engineering

Powered by Koha